000 00519nam a2200193Ia 4500
005 20250423095746.0
008 250422s9999 xx 000 0 und d
020 _a9780273786979
050 _aHD 62.4 .W586/
100 _aWild, John J.
245 0 _aInternational business : the challenges of globalization
250 _a7th ed.
260 _aBoston
260 _bPearson
260 _c2014
300 _a473 p
650 _aInternational business enterprises--Management. International trade.
942 _cBK
999 _c31246
_d31246